00000000nam 2200000zi 4500
0019.945004
003CaOODSP
00520250403102726
006m     o  d f      
007cr mn|||||||||
008241108e20241128onca    obs  f000 0 fre d
020 |a9780660744124
040 |aCaOODSP|bfre|erda|cCaOODSP
043 |an-cn---
045 |ay1y1
0861 |aCS11-621/174F-PDF
1001 |aMcMaster, Megan, |eauteur.
24513|aLe point sur la main-d'œuvre : |bportrait démographique du secteur des arts, spectacles et loisirs de 2015 à 2023 / |cpar Megan McMaster.
264 1|a[Ottawa] : |bStatistique Canada = Statistics Canada, |c28 novembre 2024.
264 4|c©2024
300 |a1 ressource en ligne (10 pages) : |billustrations en couleur.
336 |atexte|btxt|2rdacontent/fre
337 |ainformatique|bc|2rdamedia/fre
338 |aressource en ligne|bcr|2rdacarrier/fre
4901 |aAnalyse en bref, |x1707-0511
500 |aPublié aussi en anglais sous le titre : Workforce insights: demographics in the arts, entertainment and recreation sector from 2015 to 2023.
500 |a« N° 11‑621‑M au catalogue. »
504 |aComprend des références bibliographiques.
520 |a« Le présent article, le premier d'une série de trois, explore les différences démographiques au sein de la main-d'œuvre du secteur des arts, spectacles et loisirs. L'analyse porte plus précisément sur les industries des arts de la scène, des sports-spectacles et autres industries connexes, et sur celles du divertissement et des loisirs. Ces industries sont largement tributaires du tourisme, de la demande des consommateurs et des dépenses discrétionnaires en matière de loisirs. Or, les pressions inflationnistes ont agi sur ces facteurs au cours des dernières années, et les activités ainsi que l'emploi dans les industries en question en ont subi les contrecoups. Cet article s'appuie sur des données administratives pour examiner la répartition de la main-d'œuvre au sein de ces industries, selon le genre, l'âge et le statut de travailleur à temps plein. Les résultats sont fondés uniquement sur les employés qui ont reçu un feuillet T4 de leur employeur et sur les travailleurs autonomes. Les autres situations d'emploi, comme le travail à forfait, sont exclues » -- Page 4.
650 6|aArts du spectacle|zCanada|xPersonnel|vStatistiques.
650 6|aSports|xPersonnel|zCanada|vStatistiques.
650 6|aSpectacles et divertissements|zCanada|xPersonnel|vStatistiques.
650 6|aLoisirs|xIndustrie|zCanada|xPersonnel|vStatistiques.
655 7|aStatistiques|2rvmgf
7102 |aStatistique Canada, |eorganisme de publication.
77508|tWorkforce insights : |w(CaOODSP)9.945002
830#0|aAnalyse en bref (Statistique Canada)|w(CaOODSP)9.501126
85640|qPDF|s335 Ko|uhttps://publications.gc.ca/collections/collection_2024/statcan/11-621-m/11-621-m2024016-fra.pdf
8564 |qHTML|sS.O.|uhttps://www150.statcan.gc.ca/n1/pub/11-621-m/11-621-m2024016-fra.htm
986 |a11‑621‑M